Epic suggestion in the imagery of the Waverley novels /

Bibliographic Details
Main Author: Fiske, Christabel Forsyth
Format: Book
Language:English
Published: Millwood, N.Y. : Kraus Reprint Co., 1973.
Subjects:

MARC

Tag First Indicator Second Indicator Subfields
LEADER 00000pam a2200000 4500
001 in00000147521
005 20151003080250.0
008 730608r19731940nyu b 00010 eng d
010 |a  73009750  
020 |a 0527295205 
035 |a (OCoLC)00659066 
035 |9 AAQ7253AM 
040 |a DLC  |c DLC  |d TXA  |d UtOrBLW 
049 |a TXAM  |c [923742] 
050 0 0 |a PR5345  |b .F5 1973 
082 0 |a 823/.7 
100 1 |a Fiske, Christabel Forsyth. 
245 1 0 |a Epic suggestion in the imagery of the Waverley novels /  |c by Christabel F. Fiske. New Haven, Yale University Press, 1940. 
264 1 |a Millwood, N.Y. :  |b Kraus Reprint Co.,  |c 1973. 
300 |a xxvi, 141 pages ;  |c 24 cm. 
336 |a text  |b txt  |2 rdacontent 
337 |a unmediated  |b n  |2 rdamedia 
338 |a volume  |b nc  |2 rdacarrier 
504 |a Includes bibliographical references. 
600 1 0 |a Scott, Walter,  |d 1771-1832  |x Sources. 
600 1 0 |a Scott, Walter,  |d 1771-1832.  |t Waverley novels. 
650 0 |a Figures of speech. 
650 0 |a Epic literature  |x History and criticism. 
999 |a MARS 
999 f f |s eba3af19-fe67-3b99-922b-5d2a97efffcc  |i 1809bc5a-36b5-317a-8c25-fd9818b7b7ad  |t 0 
952 f f |p normal  |a Texas A&M University  |b College Station  |c Sterling C. Evans Library  |d Evans: Library Stacks  |t 0  |e PR5345 .F5 1973  |h Library of Congress classification  |i unmediated -- volume  |m A14803971972 
998 f f |a PR5345 .F5 1973  |t 0  |l Evans: Library Stacks